000 006440000a22002050004500
003 LK-CoMWRAF
005 20231106123154.0
008 230817t1992 ||||| |||| 00| 0 eng d
020 _a0810938561
040 _aLK-CoMWRAF
_dLK-CoMWRAF
_eLK-CoMWRAF
041 _aeng
082 _a746.074
_bTHU
100 _aThurman, Christa C. Mayer
245 _aTextiles in the art institute of Chicago
260 _bChicago:
_aArt Institute of Chicago,
_c1992
300 _a152 p. : ill. (some col.) ; 30 cm.
_bGlossary included
650 _aArt Institute of Chicago--Catalogs
650 _aTextile fabrics--Illinois--Chicago--Catalogs.
942 _cBK
999 _c1307
_d1307